000 00836nam a2200217Ii 4500
003 JO-AjNU
008 230605s9999||||xx |||||||||||||| ||und||
017 _a2007/20079
020 _a977-422-052-8
040 _aJO-AjNU
_bara
_erda
_cJO-AjNU
041 _aara
050 1 4 _aHF5438.25.M87480.2009
100 3 _aالمرسي،جمال الدين محمد/مصطفى محمود ابو بكر,
_eauthor
_932577
245 0 0 _aدليل فن خدمة العملاء ومهارات البيع:مدخلك لتحقيق ميزة تنافسية في بيئة الاعمال المعاصرة
264 3 1 _aالاسكندرية:الدار الجامعية؛2009
300 _a390ص
336 _atext
_btxt
_2rdacontent
337 _aunmediated
_bn
_2rdamedia
338 _avolume
_bnc
_2rdacarrier
650 4 _aمهارات البيع
_932578
999 _aA13169
_c16737
_d16737